Asesinato invertido / (Record no. 148157)

MARC details
000 -LEADER
campo de control de longitud fija 00504nam a2200169 4500
001 - NÚMERO DE CONTROL
campo de control 148157
003 - IDENTIFICADOR DE NÚMERO DE CONTROL
campo de control ES-MaACL
005 - FECHA Y HORA DE LA ÚLTIMA TRANSACCIÓN
campo de control 20230906202449.0
007 - CAMPO FIJO DE DESCRIPCIÓN FÍSICA--INFORMACIÓN GENERAL
campo de control de longitud fija t|
008 - DATOS DE LONGITUD FIJA--INFORMACIÓN GENERAL
campo de control de longitud fija 070214s1958 sp r ||||1| spa d
100 1# - ENTRADA PRINCIPAL--NOMBRE DE PERSONA
Nombre de persona Stalwart, Edwin.
9 (RLIN) 107869
245 10 - MENCIÓN DEL TÍTULO
Título Asesinato invertido /
Mención de responsabilidad, etc. Edwin Stalwart ; versión española de Carlos Paytuvi.
260 ## - PUBLICACIÓN, DISTRIBUCIÓN, ETC.
Lugar de publicación, distribución, etc. Barcelona :
Nombre del editor, distribuidor, etc. G. P.,
Fecha de publicación, distribución, etc. 1958.
300 ## - DESCRIPCIÓN FÍSICA
Extensión 159 p. ;
Dimensiones 19 cm.
700 0# - ENTRADA AGREGADA--NOMBRE PERSONAL
Nombre de persona Paytuví de Sierra, Carlos.
9 (RLIN) 89742
852 ## - LOCALIZACIÓN
Ubicación ES-MaACL
Número de control de estantería C-14777
Sublocalización o colección R.42126
Holdings
Estatus retirado Estado de pérdida Estado de daño No para préstamo Biblioteca de origen Biblioteca actual Ubicación en estantería Fecha de adquisición Fuente de adquisición Total de préstamos Signatura topográfica completa Código de barras Visto por última vez Precio de reemplazo Tipo de ítem Koha
        Biblioteca del Ateneo de Madrid Biblioteca del Ateneo de Madrid Ficheros 17/01/2008     C-14777 1154616 23/02/2023 23/02/2023 Libro impreso